Art Therapy Colouring Book (Record no. 593616)

000 -LEADER
fixed length control field 00277nam a22001217a 4500
020 ## - INTERNATIONAL STANDARD BOOK NUMBER
International Standard Book Number 9781474836050
040 ## - CATALOGING SOURCE
Transcribing agency NUST
082 ## - DEWEY DECIMAL CLASSIFICATION NUMBER
Classification number 741.018 ART
245 ## - TITLE STATEMENT
Title Art Therapy Colouring Book
260 ## - PUBLICATION, DISTRIBUTION, ETC.
Place of publication, distribution, etc. BATH:
Name of publisher, distributor, etc. Parragon Books,
Date of publication, distribution, etc. 2016.
650 ## - SUBJECT ADDED ENTRY--TOPICAL TERM
Topical term or geographic name entry element Art Therapy
942 ## - ADDED ENTRY ELEMENTS (KOHA)
Source of classification or shelving scheme
Koha item type Book
Holdings
Withdrawn status Lost status Source of classification or shelving scheme Damaged status Not for loan Permanent Location Current Location Shelving location Date acquired Total Checkouts Full call number Barcode Date last seen Price effective from Koha item type
          College of Electrical & Mechanical Engineering (CEME) College of Electrical & Mechanical Engineering (CEME) General Stacks 03/09/2023   741.018 ART CEME-50531 03/09/2023 03/09/2023 Book
© 2023 Central Library, National University of Sciences and Technology. All Rights Reserved.